000 01198nam a22002774i 4500
999 _c45698
_d45698
001 19333
003 CO-MdFUSB
005 20190304125726.0
008 190228t1935 ||||| |||| 00| 0 eng d
040 _aCO-MdFUSB
_bspa
_cCO-MdFUSB
_dCO-MdFUSBC
_erda
041 _aeng
082 _223
_aG 229.04
_bOE29i
100 1 _aOesterley, W. O. E.
_eautor
245 0 3 _aAn introduction to the books of the Apocrypha
_c/ W. O. E. Oesterley
264 1 _aLondon :
_bSPCK,
_c℗1935
300 _a345 páginas
_c23 cm
336 _atexto
_btxt
_2rdacontent
337 _2rdamedia
_asin mediación
_bn
338 _2rdacarrier
_avolumen
_bnc
504 _aIncluye índices (p. 331-345)
505 _aLos libros apócrifos -- Los libros apócrifos como literatura -- Los libros apócrifos en su orden cronológico -- La literatura de sabiduría -- La literatura apocalíptica -- La enseñanza doctrinal de los libros apócrifos -- La importancia de los libros apócrifos para el estudio del Nuevo Testamento -- Los libros apócrifos en la iglesia -- Comentario sobre cada uno de los libros apócrifos.
563 _aTapa dura
630 0 7 _aBiblia.
_pApócrifos
942 _cBK